| 000 | 01051nam a22003017a 4500 | ||
|---|---|---|---|
| 001 | 000655 | ||
| 003 | DO-SdBPM | ||
| 005 | 20260303105138.0 | ||
| 007 | ta | ||
| 008 | 161108b2003 mx a |||| 00| 0 spa d | ||
| 020 | _a9681904419 | ||
| 040 |
_aDO-SdBPM _bspa _cBPMSU _erda |
||
| 082 | 0 | 4 |
_a863.5 _bH663c 2003 _222 |
| 100 | 1 |
_aHinojosa, Francisco, _d1953- _4aut. _eautor |
|
| 245 | 1 | 0 |
_aEl cocodrilo no sirve, es dragón / _cFrancisco Hinojosa ; ilustraciones, El fisgón. |
| 264 |
_aMéxico : _bAlfaguara, _c2003. |
||
| 300 |
_a85 págianas : _bilustraciones ; _c20 cm. |
||
| 490 | 0 | _aInfantil Alfaguara. | |
| 500 | _aIncluye datos biográficos del autor en la solapa de la contracubierta. | ||
| 500 | _aPara niños a partir de los 10 años. | ||
| 590 | _aInventariado, 2026/VM | ||
| 650 | _aCuentos infantiles mexicanos | ||
| 650 | 7 |
_a Animales _vCuentos infantiles |
|
| 650 | 6 |
_aConversación _vCuentos infantiles |
|
| 700 | 1 |
_aBarajas, Rafael, _eilustración |
|
| 910 | _aVMateo V. Control de calidad. BPMSU | ||
| 942 |
_2ddc _cBK |
||
| 999 |
_c11843 _d11843 |
||